<?xml version="1.0" encoding="UTF-8"?>
<record
    xmlns:xsi="http://www.w3.org/2001/XMLSchema-instance"
    xsi:schemaLocation="http://www.loc.gov/MARC21/slim http://www.loc.gov/standards/marcxml/schema/MARC21slim.xsd"
    xmlns="http://www.loc.gov/MARC21/slim">

  <leader>00451nam a22001457a 4500</leader>
  <datafield tag="020" ind1=" " ind2=" ">
    <subfield code="a">9789698372682</subfield>
  </datafield>
  <datafield tag="082" ind1=" " ind2=" ">
    <subfield code="a">332.4</subfield>
    <subfield code="b">ZAI</subfield>
  </datafield>
  <datafield tag="100" ind1=" " ind2=" ">
    <subfield code="a">Zaidi, Syed Shabbar</subfield>
  </datafield>
  <datafield tag="245" ind1=" " ind2=" ">
    <subfield code="a">Foreign Exchange Regulations of Pakistan:</subfield>
    <subfield code="b">acquisition &amp; disposal of shares &amp; securities / </subfield>
    <subfield code="c">Syed Shabbar Zaidi</subfield>
  </datafield>
  <datafield tag="260" ind1=" " ind2=" ">
    <subfield code="a">United Kingdom :</subfield>
    <subfield code="b">The House,</subfield>
    <subfield code="c">2023.</subfield>
  </datafield>
  <datafield tag="300" ind1=" " ind2=" ">
    <subfield code="a">167 p.</subfield>
  </datafield>
  <datafield tag="563" ind1=" " ind2=" ">
    <subfield code="a">PB.</subfield>
  </datafield>
  <datafield tag="650" ind1=" " ind2=" ">
    <subfield code="a">Law, Foreign Exchange</subfield>
    <subfield code="9">128092</subfield>
  </datafield>
  <datafield tag="942" ind1=" " ind2=" ">
    <subfield code="2">ddc</subfield>
    <subfield code="c">BK</subfield>
  </datafield>
  <datafield tag="999" ind1=" " ind2=" ">
    <subfield code="c">613122</subfield>
    <subfield code="d">613122</subfield>
  </datafield>
  <datafield tag="952" ind1=" " ind2=" ">
    <subfield code="0">0</subfield>
    <subfield code="1">0</subfield>
    <subfield code="2">ddc</subfield>
    <subfield code="4">0</subfield>
    <subfield code="6">332_400000000000000_ZAI</subfield>
    <subfield code="7">0</subfield>
    <subfield code="9">638131</subfield>
    <subfield code="a">NLS</subfield>
    <subfield code="b">NLS</subfield>
    <subfield code="d">2025-03-03</subfield>
    <subfield code="l">0</subfield>
    <subfield code="o">332.4 ZAI</subfield>
    <subfield code="p">NLS-468</subfield>
    <subfield code="r">2025-03-03</subfield>
    <subfield code="w">2025-03-03</subfield>
    <subfield code="y">BK</subfield>
  </datafield>
  <datafield tag="952" ind1=" " ind2=" ">
    <subfield code="0">0</subfield>
    <subfield code="1">0</subfield>
    <subfield code="2">ddc</subfield>
    <subfield code="4">0</subfield>
    <subfield code="6">332_400000000000000_ZAI</subfield>
    <subfield code="7">0</subfield>
    <subfield code="9">638132</subfield>
    <subfield code="a">NLS</subfield>
    <subfield code="b">NLS</subfield>
    <subfield code="d">2025-03-03</subfield>
    <subfield code="l">0</subfield>
    <subfield code="o">332.4 ZAI</subfield>
    <subfield code="p">NLS-469</subfield>
    <subfield code="r">2025-03-03</subfield>
    <subfield code="w">2025-03-03</subfield>
    <subfield code="y">BK</subfield>
  </datafield>
  <datafield tag="952" ind1=" " ind2=" ">
    <subfield code="0">0</subfield>
    <subfield code="1">0</subfield>
    <subfield code="2">ddc</subfield>
    <subfield code="4">0</subfield>
    <subfield code="6">332_400000000000000_ZAI</subfield>
    <subfield code="7">0</subfield>
    <subfield code="9">638133</subfield>
    <subfield code="a">NLS</subfield>
    <subfield code="b">NLS</subfield>
    <subfield code="d">2025-03-03</subfield>
    <subfield code="l">1</subfield>
    <subfield code="o">332.4 ZAI</subfield>
    <subfield code="p">NLS-470</subfield>
    <subfield code="r">2025-04-12</subfield>
    <subfield code="s">2025-04-12</subfield>
    <subfield code="w">2025-03-03</subfield>
    <subfield code="y">BK</subfield>
  </datafield>
  <datafield tag="952" ind1=" " ind2=" ">
    <subfield code="0">0</subfield>
    <subfield code="1">0</subfield>
    <subfield code="2">ddc</subfield>
    <subfield code="4">0</subfield>
    <subfield code="6">332_400000000000000_ZAI</subfield>
    <subfield code="7">0</subfield>
    <subfield code="9">640055</subfield>
    <subfield code="a">NLS</subfield>
    <subfield code="b">NLS</subfield>
    <subfield code="d">2025-06-25</subfield>
    <subfield code="e">Pakistan Law House</subfield>
    <subfield code="l">0</subfield>
    <subfield code="o">332.4 ZAI</subfield>
    <subfield code="p">NLS-1954</subfield>
    <subfield code="r">2025-06-25</subfield>
    <subfield code="w">2025-06-25</subfield>
    <subfield code="y">BK</subfield>
  </datafield>
  <datafield tag="952" ind1=" " ind2=" ">
    <subfield code="0">0</subfield>
    <subfield code="1">0</subfield>
    <subfield code="2">ddc</subfield>
    <subfield code="4">0</subfield>
    <subfield code="6">332_400000000000000_ZAI</subfield>
    <subfield code="7">0</subfield>
    <subfield code="9">640056</subfield>
    <subfield code="a">NLS</subfield>
    <subfield code="b">NLS</subfield>
    <subfield code="d">2025-06-25</subfield>
    <subfield code="e">Pakistan Law House</subfield>
    <subfield code="l">0</subfield>
    <subfield code="o">332.4 ZAI</subfield>
    <subfield code="p">NLS-1955</subfield>
    <subfield code="r">2025-06-25</subfield>
    <subfield code="w">2025-06-25</subfield>
    <subfield code="y">BK</subfield>
  </datafield>
  <datafield tag="952" ind1=" " ind2=" ">
    <subfield code="0">0</subfield>
    <subfield code="1">0</subfield>
    <subfield code="2">ddc</subfield>
    <subfield code="4">0</subfield>
    <subfield code="6">332_400000000000000_ZAI</subfield>
    <subfield code="7">0</subfield>
    <subfield code="9">640057</subfield>
    <subfield code="a">NLS</subfield>
    <subfield code="b">NLS</subfield>
    <subfield code="d">2025-06-25</subfield>
    <subfield code="e">Pakistan Law House</subfield>
    <subfield code="l">0</subfield>
    <subfield code="o">332.4 ZAI</subfield>
    <subfield code="p">NLS-1956</subfield>
    <subfield code="r">2025-06-25</subfield>
    <subfield code="w">2025-06-25</subfield>
    <subfield code="y">BK</subfield>
  </datafield>
</record>
